Rent top-ups and rental guarantees (Record no. 84725)

MARC details
000 -LEADER
fixed length control field 00778cab a22002175a 4500
001 - CONTROL NUMBER
control field L158905
008 - FIXED-LENGTH DATA ELEMENTS--GENERAL INFORMATION
fixed length control field 150923e20150822xxk 000 0 eng d
035 ## - SYSTEM CONTROL NUMBER
System control number (Sirsi) u158905
041 0# - LANGUAGE CODE
Language code of text/sound track or separate title eng
100 1# - MAIN ENTRY--PERSONAL NAME
Personal name Oliver, Laura
245 00 - TITLE STATEMENT
Title Rent top-ups and rental guarantees
Remainder of title price adjustments in disguise?
260 ## - PUBLICATION, DISTRIBUTION, ETC.
Date of publication, distribution, etc. 2015
490 ## - SERIES STATEMENT
Series statement Estates Gazette
Volume/sequential designation (1533) 22 August 2015, 52-53(2)
520 ## - SUMMARY, ETC.
Summary, etc. Assesses the Stamp Duty Land Tax (SDLT) and VAT consequences of rent top-ups and sellers' rental guarantees. Includes information about the tax position and the recommended approach for sale agreements.
590 ## - LOCAL NOTE (RLIN)
Local note KA
651 #4 - SUBJECT ADDED ENTRY--GEOGRAPHIC NAME
Geographic name United Kingdom
690 ## - LOCAL SUBJECT ADDED ENTRY--TOPICAL TERM (OCLC, RLIN)
Topical term or geographic name as entry element Landlord and tenant
9 (RLIN) 6252
690 ## - LOCAL SUBJECT ADDED ENTRY--TOPICAL TERM (OCLC, RLIN)
Topical term or geographic name as entry element Leasing and letting
700 1# - ADDED ENTRY--PERSONAL NAME
Personal name Hyde, Christopher
942 ## - ADDED ENTRY ELEMENTS (KOHA)
Suppress in OPAC 0
Holdings
Withdrawn status Lost status Source of classification or shelving scheme Damaged status Not for loan Home library Current library Shelving location Date acquired Total Checkouts Full call number Barcode Date last seen Copy number Price effective from Koha item type
    Dewey Decimal Classification     London London Journal article 23/09/2015   L158905 158905-1001 06/08/2019 1 06/08/2019 Journal article